00446nam a2200157Ia 450000500170000000800410001702000280005804000190008604100120010508200130011724500660013026000430019630000110023965000280025085000100027820241129133136.0131103s9999 xx 000 0 und d a81 230 0305 6cRs.70.00 aLoreto College aEnglish a954bPUB aAncient Indiab a source book for civil services examination  aNew DelhibPublications Divisionc2001 a180p.  aHistory - Ancient India aLCBED